01065 2200361 4500001002100000005001500021035002500036008004100061020002200102040001700124041000800141082001500149084001700164090002100181090002100202100002100223245011200244250002600356260003600382300005800418504003300476650002300509700002100532850001200553007000300565999002100568990002100589990001800610990001800628990002100646990001800667990001800685INLIS00000000003310020191001094516 a0010-011800000000245180125s2017 yoia g ind d a978-602-6948-72-4 aYOPDYOGbind0 aind04223a001.42 a001.42 JON p aDEP 001.42 JON p aCB-D.11 2017-8900 aJonathan Sarwono1 aProsedur-prosedur populer statistik untuk analisis data riset skripsi /cJonathan Sarwono, Hendra Nur Salim aCetakan pertama, 2017 aYogyakarta :bGava Media,c2017 axiv, 362 halaman :bilustrasi, tabel, grafik ;c23 cm aBibliografi: halaman 359-360 4aPenelitian, Metode0 aHendra Nur Salim aYOPDYOGta aCB-D.11/2017-890 aCB-D.11/2017-890 a33593-PD/B.18 a33594-PD/B.18 aCB-D.11/2017-890 a33593-PD/B.18 a33594-PD/B.18